Historia de la compañia de Jesús en la asistencia de España / (Record no. 26433)

MARC details
000 -LEADER
campo de control de longitud fija 01000nam a2200229 i 4500
001 - NÚMERO DE CONTROL
campo de control 26433
003 - IDENTIFICADOR DE NÚMERO DE CONTROL
campo de control ES-MaACL
005 - FECHA Y HORA DE LA ÚLTIMA TRANSACCIÓN
campo de control 20230906153437.0
007 - CAMPO FIJO DE DESCRIPCIÓN FÍSICA--INFORMACIÓN GENERAL
campo de control de longitud fija t|
008 - DATOS DE LONGITUD FIJA--INFORMACIÓN GENERAL
campo de control de longitud fija 030109m19121916sp ||||1| spa d
100 1# - ENTRADA PRINCIPAL--NOMBRE DE PERSONA
Nombre de persona Astrain, Antonio.
9 (RLIN) 23690
245 10 - MENCIÓN DEL TÍTULO
Título Historia de la compañia de Jesús en la asistencia de España /
Mención de responsabilidad, etc. Antonio Astrain.
260 ## - PUBLICACIÓN, DISTRIBUCIÓN, ETC.
Lugar de publicación, distribución, etc. Madrid :
Nombre del editor, distribuidor, etc. [s.n.,
Fecha de publicación, distribución, etc. 1912-1916] (
Fabricante Est. tip. Sucesores de Rivadeneyra)
300 ## - DESCRIPCIÓN FÍSICA
Extensión 5 v. ;
Dimensiones 24 cm.
505 8# - NOTA DE CONTENIDO CON FORMATO
Nota de contenido con formato Contiene: T.I: San Ignacio de Loyola : 1540-1556. -- T.II: Lainez-Boya : 1556-1572. -- T.III: Mercuriam-Aquaviva (1ª parte) : 1573-1615. -- T.IV: Aquaviva (2ª parte) : 1581-1615. -- T.V: Vitelleschi, Garafa, Piccolomini : 1615-1652
740 0# - ENTRADA AGREGADA--TÍTULO RELACIONADO/ANALÍTICO NO CONTROLADO
Título relacionado o analítico no controlado San Ignacio de Loyola : 1540-1556.
740 0# - ENTRADA AGREGADA--TÍTULO RELACIONADO/ANALÍTICO NO CONTROLADO
Título relacionado o analítico no controlado Lainez-Boya : 1556-1572.
740 0# - ENTRADA AGREGADA--TÍTULO RELACIONADO/ANALÍTICO NO CONTROLADO
Título relacionado o analítico no controlado Mercuriam-Aquaviva (1ª parte) : 1573-1615.
740 0# - ENTRADA AGREGADA--TÍTULO RELACIONADO/ANALÍTICO NO CONTROLADO
Título relacionado o analítico no controlado Aquaviva (2ª parte) : 1581-1615.
740 0# - ENTRADA AGREGADA--TÍTULO RELACIONADO/ANALÍTICO NO CONTROLADO
Título relacionado o analítico no controlado Vitelleschi, Garafa, Piccolomini : 1615-1652.
852 ## - LOCALIZACIÓN
Ubicación ES-MaACL
Número de control de estantería F-4583-88
Holdings
Estatus retirado Estado de pérdida Estado de daño No para préstamo Biblioteca de origen Biblioteca actual Ubicación en estantería Fecha de adquisición Fuente de adquisición Total de préstamos Signatura topográfica completa Código de barras Visto por última vez Precio de reemplazo Tipo de ítem Koha
        Biblioteca del Ateneo de Madrid Biblioteca del Ateneo de Madrid Depósito 2 17/01/2008     F-4583-88 1027282 23/02/2023 23/02/2023 Libro impreso